La estética de la esperanza (1971-1993) (Indagaciones y vislumbres en torno a la creación literaria, la difusión cultural y la moralidad política)
Guardado en:
| Autor principal: | |
|---|---|
| Formato: | Libro |
| Lenguaje: | Undetermined |
| Publicado: |
Panamá, Panamá
Signos
1993
|
| Materias: | |
| Etiquetas: |
Agregar Etiqueta
Sin Etiquetas, Sea el primero en etiquetar este registro!
|
MARC
| LEADER | 00000nam a2200000Ia 4500 | ||
|---|---|---|---|
| 008 | 170316s9999 xx 000 0 und d | ||
| 090 | |a 100 J-4.1e v.1 | ||
| 100 | |a Jaramillo Levi, Enrique | ||
| 245 | |a La estética de la esperanza (1971-1993) (Indagaciones y vislumbres en torno a la creación literaria, la difusión cultural y la moralidad política) | ||
| 260 | |a Panamá, Panamá | ||
| 260 | |b Signos | ||
| 260 | |c 1993 | ||
| 300 | |a 428 páginas | ||
| 650 | |a FILOSOFÍA | ||
| 650 | |a ENSAYOS | ||
| 650 | |a ARTÍCULOS LITERARIOS | ||
| 650 | |a ARTÍCULOS PERIODISTICOS | ||
| 650 | |a RESEÑAS | ||
| 650 | |a DISCURSOS | ||
| 650 | |a CONFERENCIAS | ||
| 999 | |c 16601 |d 16601 | ||
| 040 | |a cru BVZT | ||
| 942 | |c 15 D |h 100 J-4.1e v.1 |2 z | ||
